| 000 | 00689nam a22002177a 4500 | ||
|---|---|---|---|
| 005 | 20100811152422.0 | ||
| 010 | _aENG-99622 | ||
| 020 |
_a9788189059132 _c240.00 |
||
| 035 | _aEN-83154 | ||
| 037 | _bDABD/PUB | ||
| 082 | _a140 | ||
| 100 |
_aZizek, Slavoj _911185 |
||
| 245 |
_aThe sublime object of ideology / _cby Slavoj Zizek |
||
| 260 |
_aNew Delhi _bNavayana _c2008 |
||
| 270 |
_aM-100, First Floor, Saket _bNew Delhi _e110017 |
||
| 300 | x |
_axv, 240p _c20cm (pbk) |
|
| 500 | _aIncludes index | ||
| 650 |
_aIdeology _911186 |
||
| 942 |
_2ddc _cEN _h140 _mZIZ |
||
| 999 |
_c41094 _d41094 |
||